Юрий Петрович Бочаров (Запись № 11213144)

Подробности
000 -МАРКЕР
контрольное поле 01950nam0a2200337 i 4500
001 - ИДЕНТИФИКАТОР ЗАПИСИ
контрольное поле RU\NLR\BIBL_A\011345031
005 - ИДЕНТИФИКАТОР ВЕРСИИ
контрольное поле 20260408044216.0
010 ## - МЕЖДУНАРОДНЫЙ СТАНДАРТНЫЙ НОМЕР КНИГИ (ISBN)
Номер (ISBN) 9785912583612
Тираж 150
021 ## - НОМЕР ГОСУДАРСТВЕННОЙ РЕГИСТРАЦИИ
Код страны Российская Федерация
Номер 2017-8359
Номер Листа государственной регистраци 607
035 ## - ДРУГИЕ СИСТЕМНЫЕ НОМЕРА
Идентификатор записи (NLR Aleph) 011345031
100 ## - ДАННЫЕ ОБЩЕЙ ОБРАБОТКИ
Данные общей обработки 20170313d2016 u y0rusy50 ca
101 0# - ЯЗЫК РЕСУРСА
Язык текста, звукозаписи и т.д. русский
102 ## - СТРАНА ПУБЛИКАЦИИ ИЛИ ПРОИЗВОДСТВА
Страна публикации Российская Федерация
105 ## - ПОЛЕ КОДИРОВАННЫХ ДАННЫХ: ТЕКСТОВЫЕ МАТЕРИАЛЫ, МОНОГРАФИЧЕСКИЕ
Кодированные данные о монографическом текстовом документе ach g 000zd
200 1# - ЗАГЛАВИЕ И СВЕДЕНИЯ ОБ ОТВЕТСТВЕННОСТИ
Основное заглавие Юрий Петрович Бочаров
Сведения, относящиеся к заглавию [материалы к биобиблиографии]
Первые сведения об ответственности Международная интернет-ассоциация транспортных систем городов и организации городского движения
Последующие сведения об ответственности составители: С.А. Ваксман, А.Ю. Бочарова
210 ## - ПУБЛИКАЦИЯ, РАСПРОСТРАНЕНИЕ И ДР.
Место издания, распространения и т.д. Санкт-Петербург
Имя издателя, распространителя и т. д. КОСТА
Дата издания, распространения и т.д. 2016
215 ## - ФИЗИЧЕСКАЯ ХАРАКТЕРИСТИКА
Специфическое обозначение материала и объем 94, [1] с.
Другие сведения о физической характеристике ил., цв. ил., факс., портр.
Размеры 21
225 1# - СЕРИЯ
Основное заглавие серии Материалы к биобиблиографии ученых и специалистов транспортных систем городов и организации городского движения
Сведения об ответственности гл. ред.: С.А. Ваксман
Обозначение тома вып. 24
600 #1 - ИМЯ ЛИЦА КАК ПРЕДМЕТ
Начальный элемент ввода Бочаров
Часть имени, кроме начального элемента ввода Ю.П.
Даты 1926
Расширение инициалов личного имени Юрий Петрович
Формальный подзаголовок Биобиблиография
Системный номер авторитетной/нормативной записи 2319701
Идентификатор авторитетной/нормативной записи RU\NLR\AUTH\6601612809
686 1# - ИНДЕКСЫ ДРУГИХ КЛАССИФИКАЦИЙ
Индекс О8-022д(2)Бочаров
686 1# - ИНДЕКСЫ ДРУГИХ КЛАССИФИКАЦИЙ
Индекс Щ113(2)7-8Бочаров
702 #1 - ИМЯ ЛИЦА - ВТОРИЧНАЯ ОТВЕТСТВЕННОСТЬ
Начальный элемент ввода Ваксман
Часть имени, кроме начального элемента ввода С. А.
Даты 1939-
Расширение инициалов личного имени Семен Аронович
Код отношения Составитель
702 #1 - ИМЯ ЛИЦА - ВТОРИЧНАЯ ОТВЕТСТВЕННОСТЬ
Начальный элемент ввода Бочаров
Часть имени, кроме начального элемента ввода Ю. П.
Даты 1926-
Расширение инициалов личного имени Юрий Петрович
Код отношения Прочие
712 02 - НАИМЕНОВАНИЕ ОРГАНИЗАЦИИ - ВТОРИЧНАЯ ОТВЕТСТВЕННОСТЬ
Код отношения Прочие
Начальный элемент ввода Международная Интернет-ассоциация транспортных систем городов и организации городского движения
Системный номер авторитетной/нормативной записи 275082
Идентификатор авторитетной/нормативной записи RU\NLR\AUTH\8810192464
942 ## - ДОПОЛНИТЕЛЬНЫЕ ЭЛЕМЕНТЫ ЗАПИСИ (АБИС)
Тип экземпляра АБИС Книга
980 ## - КОЛЛЕКЦИЯ
Название коллекции НБР

Нет доступных экземпляров.